000
00337nam a2200145Ia 4500
005
20251222152621.0
008
251222s9999||||xx |||||||||||||| ||spa||
020
_a
8467418028
082
_a
889/B85
100
_a
Brun, Georg
245
0
_a
El Legado de los Cátaros
250
_a
1ra.ed.
264
_b
Planeta DeAgostini
942
_c
LIB
999
_c
27363
_d
27363